Los lugares colombinos y su entorno / (Record no. 12241)

MARC details
000 -LEADER
campo de control de longitud fija 00742nam a22002415i 4500
001 - NÚMERO DE CONTROL
campo de control 12241
003 - IDENTIFICADOR DE NÚMERO DE CONTROL
campo de control ES-MaACL
005 - FECHA Y HORA DE LA ÚLTIMA TRANSACCIÓN
campo de control 20250818232003.0
007 - CAMPO FIJO DE DESCRIPCIÓN FÍSICA--INFORMACIÓN GENERAL
campo de control de longitud fija t|
008 - DATOS DE LONGITUD FIJA--INFORMACIÓN GENERAL
campo de control de longitud fija 941104s1992 sp ||||0| spa j
020 ## - NÚMERO INTERNACIONAL ESTÁNDAR DEL LIBRO
Número Internacional Estándar del Libro 84-8004-027-0
040 ## - FUENTE DE CATALOGACIÓN
Centro catalogador/agencia de origen M-BN
Lengua de catalogación spa
Centro/agencia transcriptor M-BN
080 ## - NÚMERO DE LA CLASIFICACIÓN DECIMAL UNIVERSAL
Número de la Clasificación Decimal Universal 7(460.354)
245 04 - MENCIÓN DEL TÍTULO
Título Los lugares colombinos y su entorno /
Mención de responsabilidad, etc. director, Diego Ropero-Regidor.
260 ## - PUBLICACIÓN, DISTRIBUCIÓN, ETC.
Lugar de publicación, distribución, etc. Madrid :
Nombre del editor, distribuidor, etc. Fundación Ramón Areces,
Fecha de publicación, distribución, etc. 1992.
300 ## - DESCRIPCIÓN FÍSICA
Extensión 301 p :
Otras características físicas il. col. y n ;
Dimensiones 31 cm.
504 ## - NOTA DE BIBLIOGRAFÍA, ETC.
Nota de bibliografía, etc. Bibliografía: p. 289-296.
650 14 - PUNTO DE ACCESO ADICIONAL DE MATERIA--TÉRMINO DE MATERIA
Término de materia o nombre geográfico como elemento de entrada Arte-
Subdivisión geográfica Huelva (Provincia)
9 (RLIN) 10110
700 1# - ENTRADA AGREGADA--NOMBRE PERSONAL
Nombre de persona Ropero-Regidor, Diego.
9 (RLIN) 99541
710 2# - ENTRADA AGREGADA--NOMBRE DE ENTIDAD CORPORATIVA
Nombre de entidad corporativa o nombre de jurisdicción como elemento de entrada Fundación Ramón Areces
9 (RLIN) 4401
852 ## - LOCALIZACIÓN
Ubicación ES-MaACL
Número de control de estantería L-19618
Sublocalización o colección R.123932
Holdings
Estatus retirado Estado de pérdida Estado de daño No para préstamo Biblioteca de origen Biblioteca actual Ubicación en estantería Fecha de adquisición Fuente de adquisición Total de préstamos Signatura topográfica completa Código de barras Visto por última vez Precio de reemplazo Tipo de ítem Koha
        Biblioteca del Ateneo de Madrid Biblioteca del Ateneo de Madrid Depósito 2 17/01/2008     L-19618 1012473 23/02/2023 23/02/2023 Libro impreso